| 000 | 01777cam a22003854a 4500 | ||
|---|---|---|---|
| 001 | 14232470 | ||
| 005 | 20170105102921.0 | ||
| 008 | 060117s2006 nyu b 001 0 eng | ||
| 010 | _a 2006041590 | ||
| 020 | _a9780230116771 | ||
| 040 |
_aDLC _cDLC _dDLC |
||
| 042 | _apcc | ||
| 043 |
_aa-vt--- _an-us--- _ae-ur--- |
||
| 050 | 0 | 0 |
_aDS559.46 _b.R68 2006 |
| 082 | 0 | 0 |
_a070.4/333 _222 |
| 100 | 1 | _aRoselle, Laura. | |
| 245 | 1 | 0 |
_aMedia and the politics of failure : _bgreat powers, communication strategies, and military defeats / _cLaura Roselle. |
| 260 |
_aNew York : _bPalgrave Macmillan, _c2006. |
||
| 300 |
_a196 p. ; _c21 cm. |
||
| 440 | 0 | _aPalgrave series in international political communication | |
| 504 | _aIncludes bibliographical references (p. [173]-181) and index. | ||
| 650 | 0 |
_aVietnam War, 1961-1975 _xMass media and the war. |
|
| 650 | 0 |
_aMass media _zUnited States. |
|
| 650 | 0 |
_aCommunication in politics _zUnited States. |
|
| 650 | 0 |
_aMass media _zSoviet Union. |
|
| 650 | 0 |
_aCommunication in politics _zSoviet Union. |
|
| 650 | 0 | _aWar in mass media. | |
| 651 | 0 |
_aAfghanistan _xHistory _ySoviet occupation, 1979-1989 _xMass media and the war. |
|
| 856 | 4 | 2 |
_3Contributor biographical information _uhttp://www.loc.gov/catdir/enhancements/fy0659/2006041590-b.html |
| 856 | 4 | 2 |
_3Publisher description _uhttp://www.loc.gov/catdir/enhancements/fy0659/2006041590-d.html |
| 856 | 4 | 1 |
_3Table of contents _uhttp://www.loc.gov/catdir/enhancements/fy0659/2006041590-t.html |
| 906 |
_a7 _bcbc _corignew _d1 _eocip _f20 _gy-gencatlg |
||
| 942 |
_2ddc _cBK |
||
| 999 |
_c15575 _d15575 |
||